|
|
|
|
| LEADER |
00686nam a2200181Ia 4500 |
| 008 |
150624b xxu||||| |||| 00| 0 eng d |
| 020 |
|
|
|a 8183210333
|
| 020 |
|
|
|a 8183210333
|
| 082 |
|
|
|a 631.5840954
|
| 100 |
|
|
|a Thapa ,. U.
|
| 245 |
|
|
|a Organic farming in India:
|b problems and prospects /
|c U. Thapa
|
| 260 |
|
|
|a Udaipur :
|b Agrotech Publishing Academy,
|c 2006.
|
| 300 |
|
|
|a 192
|
| 505 |
|
|
|a 1. Organic farming 2. Organic farming in India 3. Issues of organic farming in India
|
| 700 |
|
|
|a Tripathy, P.
|
| 942 |
|
|
|c BK
|
| 999 |
|
|
|c 58452
|d 58452
|
| 952 |
|
|
|0 0
|1 0
|4 0
|6 631_584095400000000_THA_O
|7 0
|9 58430
|a UL
|b UL
|c ST1
|d 2012-10-27
|l 4
|m 1
|o 631.5840954 THA/O
|p 84023
|r 2016-08-20
|s 2016-07-22
|w 2012-10-27
|y BK
|